Using puppetry in the church. (Record no. 10025)

000 -LEADER
fixed length control field 00570nam a2200181 a 4500
001 - CONTROL NUMBER
control field :::00007810$&:&@@
003 - CONTROL NUMBER IDENTIFIER
control field OkBaRHE
005 - DATE AND TIME OF LATEST TRANSACTION
control field 20000607103339.0
008 - FIXED-LENGTH DATA ELEMENTS--GENERAL INFORMATION
fixed length control field s1976 j 000 0 eng u
040 ## - CATALOGING SOURCE
Transcribing agency
100 1# - MAIN ENTRY--PERSONAL NAME
Personal name Robertson, Everett,
245 10 - TITLE STATEMENT
Title Using puppetry in the church.
260 ## - PUBLICATION, DISTRIBUTION, ETC. (IMPRINT)
Place of publication, distribution, etc Nashville, TN., :
Name of publisher, distributor, etc Broadman Press
Date of publication, distribution, etc c1976
300 ## - PHYSICAL DESCRIPTION
Extent 96 p. ;
Dimensions 28 cm.
650 ## - SUBJECT ADDED ENTRY--TOPICAL TERM
Topical term or geographic name as entry element Puppets and Puppet-plays in Christian Education
942 ## - ADDED ENTRY ELEMENTS (KOHA)
Source of classification or shelving scheme
Koha item type Books
Copies
Not for loan Damaged status Full call number Barcode Date acquired Permanent Location Shelving location Koha item type Withdrawn status Date last seen Copy number Price effective from Lost status Source of classification or shelving scheme
  BV 1535.9 .R678102010-04-14RHEMA Bible Training CollegeGeneral StacksBooks 2010-04-1412010-04-14